Pueblos ibéricos / Juan Maluquer de Motes
Descripción Física:
[64] p. : il. ; 29 cm
Materias:
Ibers
MARC
| LEADER | 00000nam a2200000Ia 4500 | ||
|---|---|---|---|
| 001 | 17327 | ||
| 008 | 160829s1954 xx 000 0 cat d | ||
| 080 | |a H-2-324 | ||
| 100 | 1 | |a Maluquer de Motes, Joan, |d 1915-1988 |9 30020 | |
| 245 | |a Pueblos ibéricos / Juan Maluquer de Motes | ||
| 260 | |a Madrid : |b Espasa - Calpe, |c 1954 | ||
| 300 | |a [64] p. : |b il. ; |c 29 cm | ||
| 590 | |a Separata de: Historia de España. Madrid: Espasa-Calpe, 1947 vol. 1 | ||
| 650 | |a Ibers |9 30021 | ||
| 901 | |a Arxiu | ||
| 942 | |n 1 | ||
| 952 | |0 0 |1 0 |4 0 |6 H2324 |7 1 |9 45220 |a Arxiu |b Arxiu |d 2016-12-01 |l 0 |o H-2-324 |p 17327 |r 2016-12-01 00:00:00 |w 2016-12-01 |y ARXIU | ||
| 999 | |c 48294 |d 48294 | ||